00352nam a2200121Ia 4500008004100000100005800041245002400099260005000123300000900173650002400182942000700206999001700213190216s9999||||xx |||||||||||||| ||und|| aNarayan Chandrarana & Promod Sharadch Andra Joage 0aClassical Mechanics bTata Mcgraw Hill Publishing Company Ltdc2001 a594p aClassical Mechanics cBK c33568d33568